| 000 | 00886nam a22002297a 4500 | ||
|---|---|---|---|
| 999 |
_c9130 _d9130 |
||
| 003 | AR-CdUCM | ||
| 008 | 190327b ||||| |||| 00| 0 spa d | ||
| 040 |
_aMUNICIPALIDAD PROVINCIAL DEL CUSCO _cBIBLIOTECA MUNICIPAL DEL CUSCO |
||
| 082 |
_a400 / _bZ58 |
||
| 100 |
_aZegarra, Martha _925152 |
||
| 245 | _aManual de castellano para quechua hablantes | ||
| 260 |
_aCusco : _bDesicion gráfica, _c1997. |
||
| 300 |
_a163 paginas ; _bIlustraciones, cuadros, _c30 cm. |
||
| 505 | _aContenido : ¿Donde estamos? -- ¡Cuando vamos a comprar? -- ¿Que hay? -- ¿Adonde vas? -- ¿Que haces todos los días?... | ||
| 650 |
_aManual de castellano _925153 |
||
| 650 |
_aFormas de exprecion quechua _925154 |
||
| 650 |
_aModos de expresión quechua _925155 |
||
| 710 |
_aPrograma de autonomía cultural _925156 |
||
| 710 |
_aAgro acción alemana _925157 |
||
| 942 |
_2ddc _cLIBROS |
||
| 945 | _awnts | ||